000 00304nam a22001097a 4500
040 _cSK
082 _a574
100 _aសួស ចំណាន
245 _aPre-harvest technology; បច្ចេកវិទ្យាមុនប្រមូលផល
260 _aRUA
_bសួស​
_c2011
942 _cKB
999 _c9407
_d9407